000 00322nam a22001337a 4500
008 171005b xxu||||| |||| 00| 0 eng d
020 _a9781256781134
041 _aeng
080 _a159.9
100 _a49
101 _aPSI
245 _aA WARRIOR'S GUIDE TO PSYCHOLOGY AND PERFORMANCE
_cMASTROIANNI,G
942 _2udc
_cBK
999 _c32136
_d32136